Florida 100k cities - Statistics

General Stats
  • This quiz has been taken 32 times
  • The average score is 13 of 23
Answer Stats
Hint Answer % Correct
455,924 Miami
100%
320,742 Orlando
96%
403,364 Tampa
96%
184,255 Fort Lauderdale
92%
202,221 Tallahassee
92%
985,843 Jacksonville
88%
263,553 St Petersburg
81%
145,812 Gainesville
62%
221,300 Hialeah
62%
224,455 Cape Coral
58%
116,850 Clearwater
58%
153,859 Hollywood
58%
245,021 Port St Lucie
58%
124,130 West Palm Beach
50%
134,906 Coral Springs
42%
122,264 Lakeland
35%
110,717 Miami Gardens
31%
113,619 Pompano Beach
27%
107,799 Davie
23%
171,119 Pembroke Pines
23%
138,319 Miramar
19%
135,566 Palm Bay
19%
102,113 Palm Coast
8%
No matching quizzes found
Score Distribution
Percent of People with Each Score
Percentile by Number Answered
Your Score History
You have not taken this quiz